[Event "III Liga KPZSzach - Sezon 2016/2017"]
[Site "Wojewodztwo Kujawsko-Pomorskie"]
[Date "2017.??.??"]
[Round "6.1"]
[White "Baumann, Dariusz"]
[Black "Sliwicki, Damian"]
[Result "0-1"]
[WhiteElo "2075"]
[BlackElo "2093"]
[PlyCount "54"]
[EventDate "2017.??.??"]

1. d4 d5 2. c4 e6 3. Nc3 c6 4. e4 dxe4 5. Nxe4 Bb4+ 6. Nc3 c5 7. Nf3 Ne7 8. a3
Ba5 9. Bf4 Nbc6 10. dxc5 Bxc3+ 11. bxc3 Qa5 12. Bd6 Qxc3+ 13. Nd2 Nd4 14. Rc1
Qxa3 15. Be2 Nxe2 16. Kxe2 Nf5 17. Ne4 Qb2+ 18. Kf3 Bd7 19. Re1 Bc6 20. g4 Nxd6
21. cxd6 f5 22. gxf5 exf5 23. Kg3 fxe4 24. Qh5+ g6 25. Qh6 O-O-O 26. c5 Rhf8
27. f4 exf3 0-1

[Event "III Liga KPZSzach - Sezon 2016/2017"]
[Site "Wojewodztwo Kujawsko-Pomorskie"]
[Date "2017.??.??"]
[Round "6.2"]
[White "Jablonski, Miroslaw"]
[Black "Kulinski, Krzysztof"]
[Result "1/2-1/2"]
[WhiteElo "1954"]
[BlackElo "2072"]
[PlyCount "152"]
[EventDate "2017.??.??"]

1. d4 Nf6 2. Nf3 g6 3. c4 Bg7 4. Nc3 O-O 5. e4 d6 6. h3 e5 7. d5 a5 8. Bg5 h6
9. Be3 Na6 10. g4 Nc5 11. Nd2 Nh7 12. Qc2 f5 13. gxf5 gxf5 14. Bxc5 dxc5 15.
O-O-O Qh4 16. Bd3 f4 17. Nf3 Qh5 18. Be2 Ng5 19. Nxg5 Qxg5 20. Rdg1 Qh4 21. Bf3
Kh8 22. Nb5 Rf7 23. Bg4 h5 24. Bxc8 Rxc8 25. f3 Bf8 26. Rg6 Rg7 27. Qg2 Qe7 28.
Rg1 Qf7 29. Qg5 Qxg6 30. Qxg6 Rxg6 31. Rxg6 Kh7 32. Re6 Bg7 33. Re7 Kg6 34.
Nxc7 Bf6 35. Rd7 Kg5 36. Ne6+ Kh4 37. Rf7 Bg5 38. Nxg5 Kxg5 39. Kd2 Kh4 40.
Rxb7 Rg8 41. Re7 Rg5 42. d6 Rg6 43. Rxe5 Rxd6+ 44. Ke2 Rb6 45. b3 a4 46. Rxc5
axb3 47. axb3 Rxb3 48. Rf5 Rb2+ 49. Kd3 Kg3 50. Rxh5 Kxf3 51. c5 Rb1 52. Kc2
Rb5 53. Kd3 Rb1 54. c6 Rc1 55. Rh6 Kg3 56. Kd2 Rc5 57. Rg6+ Kf2 58. h4 f3 59.
Rf6 Kg2 60. Ke3 Rc3+ 61. Kd4 Rc1 62. Kd5 f2 63. Kd6 Rd1+ 64. Ke6 Rc1 65. Kd7
Rd1+ 66. Kc8 f1=Q 67. Rxf1 Rxf1 68. e5 Re1 69. e6 Rxe6 70. Kd7 Rh6 71. c7 Rh7+
72. Kd6 Rh8 73. h5 Kf3 74. Kd7 Kg4 75. c8=Q Rxc8 76. Kxc8 Kxh5 1/2-1/2

[Event "III Liga KPZSzach - Sezon 2016/2017"]
[Site "Wojewodztwo Kujawsko-Pomorskie"]
[Date "2017.??.??"]
[Round "6.3"]
[White "Cichocki, Konrad"]
[Black "Tamon, Radoslaw"]
[Result "1/2-1/2"]
[WhiteElo "1840"]
[BlackElo "1827"]
[PlyCount "84"]
[EventDate "2017.??.??"]

1. c4 Nf6 2. Nc3 e5 3. g3 Be7 4. Bg2 O-O 5. d3 c6 6. Nf3 Qc7 7. O-O d5 8. cxd5
cxd5 9. Bg5 Be6 10. Rc1 Nc6 11. d4 e4 12. Ne5 Qb6 13. Nxc6 bxc6 14. Na4 Qb5 15.
Bxf6 gxf6 16. e3 Rfc8 17. b3 Ba3 18. Rc2 c5 19. dxc5 Bxc5 20. Nxc5 Rxc5 21.
Rxc5 Qxc5 22. Qa1 Kg7 23. Rc1 Qb4 24. Qc3 a5 25. Bf1 Kg6 26. Kg2 Bd7 27. Be2
Rc8 28. Qxb4 axb4 29. Rxc8 Bxc8 30. h3 f5 31. f4 Kf6 32. Bb5 Ke7 33. Kf2 Kd6
34. Ke2 Kc5 35. Be8 Be6 36. Kd2 d4 37. Ba4 d3 38. Be8 Kd6 39. Bb5 Ke7 40. Ba4
Bd7 41. Bxd7 Kxd7 42. Ke1 Ke6 1/2-1/2

[Event "III Liga KPZSzach - Sezon 2016/2017"]
[Site "Wojewodztwo Kujawsko-Pomorskie"]
[Date "2017.??.??"]
[Round "6.4"]
[White "Darowicki, Mariusz"]
[Black "Grochowalski, Pawel"]
[Result "0-1"]
[WhiteElo "1963"]
[BlackElo "2148"]
[PlyCount "54"]
[EventDate "2017.??.??"]

1. d4 d5 2. c4 c6 3. Nf3 Nf6 4. e3 Bf5 5. Nc3 e6 6. Be2 Nbd7 7. O-O Be7 8. b3
h6 9. Bb2 O-O 10. Rc1 Re8 11. a3 Bd6 12. h3 Qe7 13. Ra1 Rac8 14. c5 Bb8 15. Nb1
Ne4 16. Nbd2 e5 17. b4 Nxd2 18. Nxd2 e4 19. Bg4 Bh7 20. f4 exf3 21. Bxd7 fxg2
22. Rxf7 Qxe3+ 23. Rf2 Bh2+ 24. Kxh2 Qxf2 25. Qg1 Qf4+ 26. Kxg2 Re2+ 27. Kh1
Be4+ 0-1

[Event "III Liga KPZSzach - Sezon 2016/2017"]
[Site "Wojewodztwo Kujawsko-Pomorskie"]
[Date "2017.??.??"]
[Round "6.6"]
[White "Szybowicz, Piotr"]
[Black "Bieluszewski, Robert"]
[Result "1/2-1/2"]
[WhiteElo "1937"]
[BlackElo "1842"]
[PlyCount "120"]
[EventDate "2017.??.??"]

1. e4 c5 2. Ne2 Nf6 3. Nbc3 Nc6 4. g3 d5 5. exd5 Nxd5 6. Bg2 e6 7. Nxd5 exd5 8.
O-O Be7 9. d4 cxd4 10. Nxd4 O-O 11. c3 Bf6 12. Be3 Be6 13. Qa4 Ne5 14. Rad1 Bg4
15. f3 Bd7 16. Qb3 Nc4 17. Bf2 Nb6 18. Nb5 Be6 19. Qc2 Qd7 20. Nd4 Rfe8 21.
Rfe1 Bh3 22. Bxh3 Qxh3 23. Qf5 Qxf5 24. Nxf5 Re6 25. Bd4 Rae8 26. Kf2 Bxd4+ 27.
Nxd4 Rxe1 28. Rxe1 Rxe1 29. Kxe1 a6 30. Kd1 Kf8 31. b3 g6 32. Kd2 Ke7 33. Ke3
Kd6 34. f4 Nd7 35. Nf3 f6 36. Ne1 Nc5 37. Nc2 f5 38. Nd4 Ne4 39. Kd3 Nf2+ 40.
Kc2 Ng4 41. Nf3 b5 42. Kd3 Nf2+ 43. Kd4 Ne4 44. Ne5 Nd2 45. c4 dxc4 46. bxc4
Ne4 47. Nf7+ Ke6 48. Ne5 bxc4 49. Kxc4 g5 50. Kb4 h5 51. Ka5 Nc3 52. a4 gxf4
53. gxf4 Nd5 54. Kxa6 Nxf4 55. Nf3 Kd6 56. Kb7 Ne6 57. a5 Nc5+ 58. Kb6 Nd7+ 59.
Kb7 Nc5+ 60. Kb6 Nd7+ 1/2-1/2

[Event "III Liga KPZSzach - Sezon 2016/2017"]
[Site "Wojewodztwo Kujawsko-Pomorskie"]
[Date "2017.??.??"]
[Round "6.7"]
[White "Luchowski, Ferdynand"]
[Black "Wargulec, Dariusz"]
[Result "1/2-1/2"]
[WhiteElo "1579"]
[BlackElo "1943"]
[PlyCount "49"]
[EventDate "2017.??.??"]

1. Nf3 d5 2. d4 Nf6 3. c3 c5 4. e3 e6 5. Be2 Bd6 6. Nbd2 O-O 7. O-O Nc6 8. a3
c4 9. b4 cxb3 10. Nxb3 Ne4 11. Bb2 Bd7 12. c4 Ne7 13. c5 Bc7 14. Nbd2 f5 15.
Rc1 Nc6 16. Qc2 Nxd2 17. Qxd2 g5 18. Qc2 Qf6 19. Rcd1 g4 20. Ne1 Rae8 21. g3 h5
22. Ng2 Qh6 23. Bc1 Qh7 24. f3 Ne7 25. Nh4 1/2-1/2

[Event "III Liga KPZSzach - Sezon 2016/2017"]
[Site "Wojewodztwo Kujawsko-Pomorskie"]
[Date "2017.??.??"]
[Round "6.8"]
[White "Kadukowski, Pawel"]
[Black "Bieluszewski, Lukasz"]
[Result "0-1"]
[WhiteElo "1779"]
[BlackElo "1653"]
[PlyCount "104"]
[EventDate "2017.??.??"]

1. Nf3 d5 2. d4 Nf6 3. c4 e6 4. g3 c5 5. Bg2 Nc6 6. O-O Be7 7. Nc3 O-O 8. cxd5
exd5 9. dxc5 Bxc5 10. Bg5 Be6 11. e4 Be7 12. e5 Ng4 13. Bxe7 Nxe7 14. h3 Nh6
15. Nd4 a6 16. a4 Rc8 17. Qd2 Nhf5 18. Nxd5 Nxd4 19. Nxe7+ Qxe7 20. Qxd4 Rfd8
21. Qb6 Bd5 22. Rad1 Bxg2 23. Kxg2 Re8 24. Rfe1 Rc6 25. Qd4 Re6 26. Re3 h5 27.
Rde1 Qc7 28. Qc3 Qd7 29. Qb3 Qc6+ 30. Kh2 Qc5 31. Qc3 Qb6 32. a5 Qb5 33. b4 Rc6
34. Qb3 Ree6 35. Re4 g6 36. Qd1 Rc8 37. Qd4 Qc6 38. Qe3 Kg7 39. Rd1 Qc2 40. Rd6
Rc3 41. Qf4 Qb3 42. Red4 Rf3 43. Qd2 Rxe5 44. Rd3 Rxd3 45. Rxd3 Qe6 46. Rd7 h4
47. gxh4 Re2 48. Qd4+ Kh7 49. Rd8 Re5 50. f4 Re2+ 51. Kg3 Qb3+ 52. Qd3 Re3+ 0-1

[Event "III Liga KPZSzach - Sezon 2016/2017"]
[Site "Wojewodztwo Kujawsko-Pomorskie"]
[Date "2017.??.??"]
[Round "6.11"]
[White "Kacprzak, Karol"]
[Black "Gawronski, Miroslaw"]
[Result "1-0"]
[WhiteElo "1577"]
[BlackElo "2085"]
[PlyCount "135"]
[EventDate "2017.??.??"]

1. e4 d6 2. d4 Nf6 3. Nc3 c6 4. h3 Qa5 5. Bd3 e5 6. Nf3 Nbd7 7. Bd2 Qc7 8. Be3
b5 9. a3 a6 10. O-O Bb7 11. Qe2 Rc8 12. Rfe1 c5 13. dxc5 dxc5 14. Nd5 Nxd5 15.
exd5 Bxd5 16. c4 Ba8 17. cxb5 Be7 18. Bf5 axb5 19. Bxd7+ Qxd7 20. Nxe5 Qb7 21.
Qg4 O-O 22. Bh6 Qxg2+ 23. Qxg2 Bxg2 24. Bxg7 Kxg7 25. Kxg2 Rfd8 26. Rad1 Bf6
27. f4 c4 28. Kf3 Rxd1 29. Rxd1 c3 30. Rg1+ Kf8 31. Nd7+ Ke7 32. Nxf6 Kxf6 33.
bxc3 Rxc3+ 34. Kg4 Rxa3 35. Rb1 Ra5 36. h4 Kg6 37. h5+ Kf6 38. Rb4 h6 39. Rb3
Ke6 40. Re3+ Kd6 41. Re5 Kc6 42. Rf5 Ra7 43. Rf6+ Kc5 44. Rxh6 b4 45. Rh8 Rb7
46. Rc8+ Kd4 47. Rc1 b3 48. Kg5 Rb6 49. h6 Rg6+ 50. Kh5 Rg2 51. Rh1 Rg8 52. h7
Ra8 53. Kh6 Ke4 54. Rf1 f5 55. Kg5 Rh8 56. Re1+ Kd4 57. Re7 b2 58. Rb7 Kc3 59.
Kg6 Re8 60. Kxf5 Kc2 61. Kg6 b1=Q 62. Rxb1 Kxb1 63. f5 Kc2 64. f6 Kd3 65. f7
Re1 66. h8=Q Rg1+ 67. Kf6 Ke4 68. Ke7 1-0

[Event "III Liga KPZSzach - Sezon 2016/2017"]
[Site "Wojewodztwo Kujawsko-Pomorskie"]
[Date "2017.??.??"]
[Round "6.12"]
[White "Kwiatkowski, Jacek"]
[Black "Wloch, Mikolaj"]
[Result "0-1"]
[WhiteElo "1770"]
[BlackElo "1690"]
[PlyCount "66"]
[EventDate "2017.??.??"]

1. d4 d5 2. Nf3 Nf6 3. e3 e6 4. Bd3 c5 5. b3 Nc6 6. a3 cxd4 7. exd4 Bd6 8. Bb2
O-O 9. O-O Qc7 10. Re1 h6 11. Ne5 Nd7 12. Qh5 Nf6 13. Qe2 Qb6 14. Qe3 Bxe5 15.
dxe5 Qxe3 16. Rxe3 Nd7 17. f4 Nc5 18. Nd2 Nxd3 19. Rxd3 b6 20. Nf3 Ba6 21. Rd2
Rac8 22. Rc1 Rfd8 23. Nd4 Nxd4 24. Bxd4 Rc6 25. Kf2 Rdc8 26. Ke3 Bb7 27. g4 a5
28. a4 Ba6 29. h4 b5 30. axb5 Bxb5 31. c3 Ra6 32. Rb2 Rb8 33. c4 Rc6 {zapis
nieczytelny} 0-1

[Event "III Liga KPZSzach - Sezon 2016/2017"]
[Site "Wojewodztwo Kujawsko-Pomorskie"]
[Date "2017.??.??"]
[Round "6.13"]
[White "Paprocki, Stanislaw"]
[Black "Chodorowski, Dawid"]
[Result "0-1"]
[WhiteElo "1631"]
[BlackElo "1845"]
[PlyCount "68"]
[EventDate "2017.??.??"]

1. e4 g6 2. d4 Bg7 3. Nc3 d6 4. f4 a6 5. Nf3 Nd7 6. Be3 b5 7. a3 Bb7 8. Qd2
Ngf6 9. e5 Nd5 10. Nxd5 Bxd5 11. O-O-O Nb6 12. h4 h5 13. Kb1 Nc4 14. Bxc4 bxc4
15. Qc3 Qd7 16. Qa5 Qc6 17. Rhf1 Rb8 18. Ka1 e6 19. Qd2 Rb6 20. c3 Ke7 21. Rf2
Rhb8 22. Qc1 Qa4 23. Qc2 Rb3 24. Bc1 Bxf3 25. gxf3 d5 26. f5 exf5 27. f4 Ke6
28. Rdf1 Bf8 29. Ka2 Be7 30. Rh1 R8b5 31. Rh3 Ra5 32. Rfh2 Bxa3 33. bxa3 Rxa3+
34. Bxa3 Qxa3+ 0-1

[Event "III Liga KPZSzach - Sezon 2016/2017"]
[Site "Wojewodztwo Kujawsko-Pomorskie"]
[Date "2017.??.??"]
[Round "6.14"]
[White "Czarnolewski, Piotr"]
[Black "Kacprzak, Kacper"]
[Result "0-1"]
[WhiteElo "1663"]
[BlackElo "1627"]
[PlyCount "120"]
[EventDate "2017.??.??"]

1. e4 e6 2. d3 d5 3. Nd2 Nf6 4. Ngf3 Be7 5. g3 c5 6. Bg2 Nc6 7. O-O e5 8. exd5
Nxd5 9. Nc4 f6 10. a4 Be6 11. Ne3 Nc7 12. Nh4 g6 13. Nf3 Qd7 14. Re1 O-O-O 15.
Nd2 g5 16. Ndc4 h5 17. Bd2 Rdg8 18. a5 g4 19. Bc3 Kb8 20. Qb1 Na6 21. Qa2 Nd4
22. Bxd4 cxd4 23. Nf1 h4 24. Nfd2 hxg3 25. fxg3 Rh5 26. Re2 Rgh8 27. Bh1 Bf8
28. Rf1 Be7 29. Rff2 Nb4 30. Qb1 Nd5 31. Nf1 Qb5 32. Qa1 Nb4 33. b3 Nd5 34.
Nfd2 Ne3 35. Nf1 Nd5 36. Nfd2 Nc3 37. Re1 Nd5 38. Nf1 R8h6 39. Ree2 Nc3 40. Re1
Bb4 41. Nfd2 Qe8 42. Qc1 Qh8 43. Nf1 Na2 44. Qa1 Bxe1 45. Qxe1 Nc3 46. b4 Qh7
47. Nd6 Bd5 48. Bxd5 Nxd5 49. b5 Ne3 50. Nxe3 dxe3 51. Qxe3 Rxh2 52. Rxh2 Rxh2
53. Qe4 Qxe4 54. Nxe4 Rxc2 55. Nxf6 Rc3 56. Nxg4 Rxd3 57. Nxe5 Rxg3+ 58. Kf2
Rg5 59. Nd7+ Kc7 60. b6+ Kxd7 0-1

[Event "III Liga KPZSzach - Sezon 2016/2017"]
[Site "Wojewodztwo Kujawsko-Pomorskie"]
[Date "2017.??.??"]
[Round "6.15"]
[White "Wloch, Dominika"]
[Black "Budkiewicz, Lucyna"]
[Result "1-0"]
[WhiteElo "1194"]
[BlackElo "1456"]
[PlyCount "33"]
[EventDate "2017.??.??"]

1. e4 c5 2. Nc3 a6 3. a4 e6 4. g3 Nc6 5. Bg2 Nf6 6. f4 d6 7. Nf3 Qc7 8. O-O Be7
9. d3 O-O 10. h3 Nd7 11. g4 f5 12. g5 e5 13. Nh4 Nd4 14. Qh5 exf4 15. exf5 Nxf5
16. Bd5+ Kh8 17. Ng6# 1-0

[Event "III Liga KPZSzach - Sezon 2016/2017"]
[Site "Wojewodztwo Kujawsko-Pomorskie"]
[Date "2017.??.??"]
[Round "6.16"]
[White "Grabarczyk, Sylwester"]
[Black "Jaroch, Karol"]
[Result "0-1"]
[WhiteElo "1756"]
[BlackElo "2271"]
[PlyCount "72"]
[EventDate "2017.??.??"]

1. e4 e6 2. d4 d5 3. Nd2 Nf6 4. e5 Nfd7 5. Bd3 c5 6. c3 Nc6 7. Ndf3 Be7 8. Ne2
b6 9. O-O Bb7 10. Ng3 Qc7 11. Bd2 O-O-O 12. a4 Rdg8 13. Bb5 h5 14. Bxc6 Bxc6
15. Re1 g5 16. Qc1 Qd8 17. Re2 c4 18. b3 cxb3 19. Qb2 a5 20. Qxb3 Bb7 21. c4 h4
22. Nf1 dxc4 23. Qxc4+ Kb8 24. Qb3 g4 25. Ne1 Ka7 26. Rb1 h3 27. g3 Bd5 28. Qb5
Nb8 29. Ne3 Bc6 30. Qb2 Na6 31. Nc4 Nb4 32. Bxb4 Qd5 33. f3 axb4 34. Ne3 Qd7
35. Rc2 gxf3 36. Rf2 Be4 {czas} 0-1

[Event "III Liga KPZSzach - Sezon 2016/2017"]
[Site "Wojewodztwo Kujawsko-Pomorskie"]
[Date "2017.??.??"]
[Round "6.17"]
[White "Szatkowski, Pawel"]
[Black "Hetmanski, Waldemar"]
[Result "0-1"]
[WhiteElo "1256"]
[BlackElo "1838"]
[PlyCount "58"]
[EventDate "2017.??.??"]

1. e4 d5 2. exd5 Nf6 3. c4 c6 4. dxc6 Nxc6 5. Nc3 e5 6. d3 Bc5 7. h3 h6 8. Nf3
O-O 9. Be3 Bxe3 10. fxe3 Re8 11. Nd2 Qb6 12. Nd5 Nxd5 13. cxd5 Qxe3+ 14. Be2
Qg3+ 15. Kf1 Nd4 16. Ne4 Qf4+ 17. Bf3 Bf5 18. b3 Rad8 19. Kg1 Nxf3+ 20. gxf3
Rxd5 21. Rh2 Red8 22. Rd2 Qe3+ 23. Kg2 Rxd3 24. Rxd3 Rxd3 25. Qf1 Bxe4 26. fxe4
Qxe4+ 27. Kh2 Rf3 28. Qg2 Qf4+ 29. Kh1 Rf2 0-1

[Event "III Liga KPZSzach - Sezon 2016/2017"]
[Site "Wojewodztwo Kujawsko-Pomorskie"]
[Date "2017.??.??"]
[Round "6.18"]
[White "Majchrzak, Wojciech"]
[Black "Kozlowski, Michal"]
[Result "0-1"]
[WhiteElo "1333"]
[BlackElo "1247"]
[PlyCount "122"]
[EventDate "2017.??.??"]

1. e4 e6 2. Nf3 d5 3. exd5 exd5 4. Be2 Bd6 5. d4 Ne7 6. b3 c6 7. Bb2 Bf5 8. Nc3
Nd7 9. Nh4 Bg6 10. Nxg6 hxg6 11. Qd3 Qc7 12. g3 O-O-O 13. O-O-O Nf6 14. f4 Rde8
15. h4 Kb8 16. Kb1 Qc8 17. Rhg1 Qf5 18. Qxf5 Nxf5 19. Bd3 Nxd4 20. Na4 Nf3 21.
Rg2 Re1 22. Rxe1 Nxe1 23. Re2 Nxd3 24. cxd3 b5 25. Bxf6 gxf6 26. Nc3 Kc7 27. a4
a6 28. axb5 axb5 29. Ra2 Kb7 30. Ne2 Re8 31. Kc1 Bb4 32. Rc2 Kb6 33. Nd4 c5 34.
Ne2 d4 35. g4 Re3 36. f5 Rxd3 37. fxg6 fxg6 38. Nf4 Rf3 39. Nd5+ Kb7 40. h5
gxh5 41. gxh5 Rh3 42. Nxb4 cxb4 43. Rc5 Kb6 44. Rf5 Rxb3 45. Rxf6+ Kc5 46. Rf5+
Kc4 47. Rf8 Rh3 48. Rh8 Rh1+ 49. Kc2 b3+ 50. Kb2 Rh2+ 51. Kb1 d3 52. Rc8+ Kb4
53. Rd8 d2 54. h6 Rh1+ 55. Kb2 d1=Q 56. Rxd1 Rxd1 57. h7 Rh1 58. h8=Q Rxh8 59.
Kc1 Kc3 60. Kd1 Re8 61. Kc1 Re1# 0-1

[Event "III Liga KPZSzach - Sezon 2016/2017"]
[Site "Wojewodztwo Kujawsko-Pomorskie"]
[Date "2017.??.??"]
[Round "6.19"]
[White "Zygadlo, Kajetan"]
[Black "Jozwicki, Jakub"]
[Result "0-1"]
[WhiteElo "1443"]
[BlackElo "2226"]
[PlyCount "62"]
[EventDate "2017.??.??"]

1. e4 c5 2. Nf3 e6 3. d4 cxd4 4. Nxd4 a6 5. Bd3 Bc5 6. Nb3 Ba7 7. O-O Nc6 8.
Nc3 Nf6 9. Qe2 d6 10. Bg5 h6 11. Bh4 Ne5 12. h3 Ng6 13. Bg3 e5 14. Rad1 b5 15.
a3 h5 16. Rd2 h4 17. Bh2 Nh5 18. Rfd1 Qg5 19. Kh1 Ngf4 20. Bxf4 Nxf4 21. Qf1
Rh6 22. Bxb5+ axb5 23. Nxb5 Bb8 24. Nxd6+ Bxd6 25. Rxd6 Ba6 26. Qg1 Rxd6 27.
Rxd6 Be2 28. Rd2 Rb8 29. Rd6 Nxh3 30. Qh2 Rxb3 31. Rd8+ Kxd8 0-1

[Event "III Liga KPZSzach - Sezon 2016/2017"]
[Site "Wojewodztwo Kujawsko-Pomorskie"]
[Date "2017.??.??"]
[Round "6.21"]
[White "Cwik, Jakub"]
[Black "Stasiak, Tomasz"]
[Result "1-0"]
[WhiteElo "1813"]
[BlackElo "1645"]
[PlyCount "95"]
[EventDate "2017.??.??"]

1. b3 d5 2. Bb2 e6 3. e3 Nf6 4. Nf3 Nbd7 5. c4 c6 6. Nc3 h6 7. Be2 Be7 8. O-O
O-O 9. Rc1 Qa5 10. Qc2 Ba3 11. cxd5 exd5 12. Bxa3 Qxa3 13. d4 Re8 14. Bd3 Qd6
15. Rfe1 Nf8 16. Ne5 Be6 17. f4 Re7 18. Qf2 Rae8 19. Na4 Bc8 20. Nc5 N6d7 21.
Ncxd7 Bxd7 22. Qg3 Qf6 23. f5 Qd6 24. Ng6 Qxg3 25. Nxe7+ Rxe7 26. hxg3 Nh7 27.
Kf2 Ng5 28. f6 gxf6 29. Rh1 Kg7 30. Rh4 Re8 31. b4 a6 32. a4 Ne4+ 33. Bxe4 Rxe4
34. Rxe4 dxe4 35. Rc5 Be6 36. Ke1 Bd5 37. b5 axb5 38. axb5 Kg6 39. b6 Kg5 40.
Ra5 f5 41. Ra8 Kf6 42. Rb8 c5 43. dxc5 Ke7 44. Rc8 Kd7 45. Rc7+ Kd8 46. Kf2 Ke8
47. c6 Bxc6 48. Rxc6 1-0

[Event "III Liga KPZSzach - Sezon 2016/2017"]
[Site "Wojewodztwo Kujawsko-Pomorskie"]
[Date "2017.??.??"]
[Round "6.22"]
[White "Winkler, Bogdan"]
[Black "Rogulski, Sebastian"]
[Result "0-1"]
[WhiteElo "1509"]
[BlackElo "1523"]
[PlyCount "112"]
[EventDate "2017.??.??"]

1. d4 Nf6 2. c4 g6 3. Nc3 Bg7 4. Nf3 d6 5. h3 O-O 6. Bf4 c5 7. d5 Qa5 8. Bd2 a6
9. e4 Bd7 10. a4 Qb6 11. Rb1 Re8 12. Bd3 e6 13. O-O e5 14. Qc1 Rf8 15. Nh2 Nh5
16. g4 Nf4 17. Bxf4 exf4 18. Qxf4 Be5 19. Qd2 Qd8 20. f4 Bd4+ 21. Kh1 Qh4 22.
Qg2 h5 23. Nf3 Qf6 24. f5 hxg4 25. Qxg4 Kg7 26. Qg5 Rh8 27. Qxf6+ Bxf6 28. Kg2
gxf5 29. exf5 Rh5 30. Nh2 a5 31. Ng4 Na6 32. Nxf6 Kxf6 33. Ne4+ Ke7 34. f6+ Kd8
35. Rf3 Kc7 36. b4 Rg8+ 37. Kh2 Nxb4 38. Rd1 Bg4 39. Rg3 Bxd1 40. Rxg8 Nxd3 41.
Nc3 Bb3 42. Nb5+ Kd7 43. Rb8 Bxc4 44. Rxb7+ Kd8 45. Rb8+ Kd7 46. Rb7+ Kd8 47.
Nxd6 Bxd5 48. Nxf7+ Bxf7 49. Rxf7 Ke8 50. Ra7 c4 51. f7+ Kf8 52. Rd7 Nb2 53.
Rc7 Rf5 54. Ra7 c3 55. Rc7 Nxa4 56. Rc4 Rc5 0-1

[Event "III Liga KPZSzach - Sezon 2016/2017"]
[Site "Wojewodztwo Kujawsko-Pomorskie"]
[Date "2017.??.??"]
[Round "6.23"]
[White "Bultrowicz, Leszek"]
[Black "Mazur, Stanislaw"]
[Result "0-1"]
[WhiteElo "1508"]
[BlackElo "1719"]
[PlyCount "128"]
[EventDate "2017.??.??"]

1. d4 Nf6 2. c4 e5 3. dxe5 Ng4 4. Nf3 Nc6 5. Bf4 Bb4+ 6. Nc3 Bxc3+ 7. bxc3 Qe7
8. Qd5 f6 9. h4 Ngxe5 10. Nd4 d6 11. Bd2 Bd7 12. f4 Nxd4 13. cxd4 Bc6 14. Qa5
Nxc4 15. Qf5 Nxd2 16. Kxd2 Qe4 17. Qxe4+ Bxe4 18. Rh3 Kd7 19. g4 d5 20. Rc3 c6
21. Rac1 Rac8 22. e3 h6 23. Bh3 Rc7 24. Rg1 Kd6 25. f5 Rf8 26. Rcc1 c5 27. Rxc5
Rxc5 28. dxc5+ Kxc5 29. g5 fxg5 30. hxg5 hxg5 31. Rxg5 Rf7 32. Kc3 b5 33. a3 a5
34. Bg4 Rc7 35. Rg6 Rf7 36. Rg5 b4+ 37. Kb3 a4+ 38. Kb2 b3 39. Kc3 Rb7 40. Kb2
Rc7 41. Bd1 Kd6 42. Rg6+ Ke5 43. Ra6 Rc4 44. Bg4 Bxf5 45. Bxf5 Kxf5 46. Ra7 g5
47. Rd7 Ke5 48. Re7+ Kd6 49. Rg7 g4 50. Rg5 Re4 51. Rg8 Rc4 52. Kb1 Ke6 53. Rg5
Re4 54. Kb2 d4 55. exd4 Rxd4 56. Kc3 Rf4 57. Kb2 Kf6 58. Rg8 Kf5 59. Rg7 Ke4
60. Kc3 Kf3 61. Kd3 g3 62. Re7 g2 63. Re3+ Kf2 64. Re2+ Kf1 0-1

[Event "III Liga KPZSzach - Sezon 2016/2017"]
[Site "Wojewodztwo Kujawsko-Pomorskie"]
[Date "2017.??.??"]
[Round "6.24"]
[White "Kazaniecki, Patryk"]
[Black "Urban, Jacek"]
[Result "1-0"]
[WhiteElo "1650"]
[BlackElo "1495"]
[PlyCount "79"]
[EventDate "2017.??.??"]

1. g4 d5 2. Bg2 Bxg4 3. c4 c6 4. cxd5 cxd5 5. Qb3 Be6 6. Qxb7 Nd7 7. Nc3 Rb8 8.
Qxa7 Ngf6 9. a4 Ra8 10. Qb7 Rb8 11. Qa7 Ra8 12. Qb7 Rb8 13. Qa6 Ra8 14. Qd3 Ne5
15. Qg3 Ng6 16. Nb5 Rc8 17. Nh3 Bf5 18. d3 e6 19. O-O Be7 20. Bd2 O-O 21. Bc3
Ne8 22. Nd4 Bh4 23. Qe3 Nd6 24. a5 Re8 25. Ra4 Bg4 26. a6 e5 27. a7 e4 28. dxe4
dxe4 29. Rd1 Nc4 30. Qc1 Nb6 31. Ra6 Na8 32. Nf5 Qc7 33. Nd6 Bxe2 34. Nxe8 Rxe8
35. Ra1 Bxd1 36. Qxd1 Bf6 37. Bxf6 gxf6 38. Qd4 f5 39. b4 Rd8 40. Qf6 1-0

[Event "III Liga KPZSzach - Sezon 2016/2017"]
[Site "Wojewodztwo Kujawsko-Pomorskie"]
[Date "2017.??.??"]
[Round "6.25"]
[White "Pyzewska, Ewelina"]
[Black "Berezowska, Patrycja"]
[Result "1-0"]
[WhiteElo "1316"]
[BlackElo "1331"]
[PlyCount "25"]
[EventDate "2017.??.??"]

1. e4 e5 2. Nf3 Nc6 3. Bc4 Nf6 4. Ng5 d5 5. exd5 Nxd5 6. Nxf7 Kxf7 7. Qf3+ Ke6
8. Nc3 Ncb4 9. Qe4 c6 10. d4 Qf6 11. a3 Nxc2+ 12. Qxc2 Kd6 13. Ne4+ 1-0